Psychologie du pouvoir organisationnel : (Record no. 54567)
[ view plain ]
| 000 -LEADER | |
|---|---|
| fixed length control field | 00611nam a22001937a 4500 |
| 007 - PHYSICAL DESCRIPTION FIXED FIELD--GENERAL INFORMATION | |
| fixed length control field | 0 |
| 008 - FIXED-LENGTH DATA ELEMENTS--GENERAL INFORMATION | |
| fixed length control field | 160614b xxu||||| |||| 00| 0 eng d |
| 020 ## - INTERNATIONAL STANDARD BOOK NUMBER | |
| International Standard Book Number | 978-2-7650-2225-1 |
| 040 ## - CATALOGING SOURCE | |
| Original cataloging agency | BUAC |
| Transcribing agency | BUC |
| 041 ## - LANGUAGE CODE | |
| Language code of text/sound track or separate title | Fre |
| 100 ## - MAIN ENTRY--PERSONAL NAME | |
| Personal name | Ouimet, Gérard |
| 245 ## - TITLE STATEMENT | |
| Title | Psychologie du pouvoir organisationnel : |
| Remainder of title | la maîtrise des habiletés politiques |
| Statement of responsibility, etc | / par Gérard Ouimet |
| 260 ## - PUBLICATION, DISTRIBUTION, ETC. (IMPRINT) | |
| Place of publication, distribution, etc | Paris : |
| Name of publisher, distributor, etc | Chenelière Education, |
| Date of publication, distribution, etc | 2008 |
| 300 ## - PHYSICAL DESCRIPTION | |
| Extent | XII-266 p. |
| Dimensions | 23 cm . |
| Other physical details | couv. ill. en coul. ; |
| 521 ## - TARGET AUDIENCE NOTE | |
| Target audience note | Bibliogr. pp. (263 -266) |
| 630 ## - SUBJECT ADDED ENTRY--UNIFORM TITLE | |
| Uniform title | PHILOSOPHIE-PSYCHOLOGIE |
| 650 ## - SUBJECT ADDED ENTRY--TOPICAL TERM | |
| Topical term or geographic name as entry element | Travail : Psychologie |
| 942 ## - ADDED ENTRY ELEMENTS (KOHA) | |
| Item type | Libre Accès |
| Withdrawn status | Lost status | Damaged status | Not for loan | Location (home branch) | Sublocation or collection (holding branch) | Date acquired | Source of acquisition | Coded location qualifier | Koha issues (times borrowed) | Koha full call number | Piece designation (barcode) | Koha date last seen | Copy number | Price effective from | Koha item type | Shelving location |
|---|---|---|---|---|---|---|---|---|---|---|---|---|---|---|---|---|
| Bibliothèque Universitaire Centrale | Bibliothèque Universitaire Centrale | 11/06/2015 | Don ARES | 16/470 | 159.9.331 OUI | 16-470BUC | 14/06/2016 | 01 | 14/06/2016 | Libre Accès | ||||||
| Bibliothèque Universitaire Centrale | Bibliothèque Universitaire Centrale | 10/07/2017 | Don ARES | 17/120 | 159.9.331 OUI | 17-120 BUC | 10/07/2017 | 02 | 10/07/2017 | Libre Accès |